Statistiques concernant Les phases de la Lune

Cliquez ici pour prendre le quiz!

Statistiques générales

  • Ce quiz a été pris 20 fois
  • Le résultat moyen est 3 sur 7

Statistiques - réponses

Réponse% Correct
Pleine lune
100%
Nouvelle lune
53%
Dernier croissant
42%
Premier croissant
42%
Dernier quartier
37%
Premier quartier
37%
Lune gibbeuse
26%

Distribution des résultats

Percentile par nombre de réponses

% des personnes avec chaque résultat

Votre développement - résultats

Vous n’avez pas pris ce quiz